Statistics for Modern-Day Countries of the Mamluk Sultanate

Click here to take the quiz!

General Stats

  • This quiz has been taken 6 times
  • The average score is 7 of 8

Answer Stats

Answer% Correct
Egypt
100%
Libya
100%
Israel
83%
Jordan
83%
Saudi Arabia
83%
Syria
83%
Lebanon
67%
Turkey
67%

Score Distribution

Percentile by Number Answered

Percent of People with Each Score

Your Score History

You have not taken this quiz